The Right way to Improve your memory (Record no. 4367)

MARC details
000 -LEADER
fixed length control field 00399nam a22001697a 4500
005 - DATE AND TIME OF LATEST TRANSACTION
control field 20160628095428.0
008 - FIXED-LENGTH DATA ELEMENTS--GENERAL INFORMATION
fixed length control field 160628b xxu||||| |||| 00| 0 eng d
020 ## - INTERNATIONAL STANDARD BOOK NUMBER
ISBN 81-7224-467-3
041 ## - LANGUAGE CODE
Language code of text/sound track or separate title eng
082 ## - DEWEY DECIMAL CLASSIFICATION NUMBER
Item number 10552
100 ## - MAIN ENTRY--AUTHOR NAME
Personal name Budworth Geoffrey
245 ## - TITLE STATEMENT
Title The Right way to Improve your memory
260 ## - PUBLICATION, DISTRIBUTION, ETC. (IMPRINT)
Name of publisher Jaico
Year of publication 2006
300 ## - PHYSICAL DESCRIPTION
Number of Pages 123
650 ## - SUBJECT ADDED ENTRY--TOPICAL TERM
Topical Term Management
942 ## - ADDED ENTRY ELEMENTS (KOHA)
Koha item type Books
Holdings
Lost status Damaged status Home library Date acquired Cost, normal purchase price Full call number Accession Number Koha item type Collection code Current library Shelving location
    JRU Library 28/06/2016 150.00 10552 10552 Books      
    JRU Library 28/06/2016 150.00 153.1 10553 Books ENGLISH JRU Library SHELF-102-C
    JRU Library 28/06/2016 150.00 153.1 10554 Books ENGLISH JRU Library SHELF-102-C
    JRU Library 28/06/2016 150.00 153.1 10555 Books ENGLISH   SHELF-102-C